Die 100 größten Gitarristen aller Zeiten (Rolling Stone) - Statistiken

Allgemein
  • Dieses Quiz wurde 501 mal gespielt
  • Das Durchschnittsergebnis liegt bei 25 aus 100
Antwortstatistiken
Hint Antwort % Korrekt
1 Jimi Hendrix
85%
2 Eric Clapton
64%
65 Slash
58%
8 Eddie Van Halen
55%
4 Keith Richards
54%
24 Angus Young
52%
3 Jimmy Page
51%
55 John Lennon
46%
6 B. B. King
42%
11 George Harrison
42%
17 Neil Young
40%
26 Brain May
39%
20 Carlos Santana
38%
73 Kurt Cobain
38%
44 Mark Knopfler
38%
14 David Gilmour
35%
7 Chuck Berry
34%
33 Prince
34%
18 Les Paul
33%
13 Albert King
32%
15 Freddie King
32%
50 Ritchie Blackmore
32%
5 Jeff Beck
31%
71 Robert Johnson
30%
25 Tony Iommi
29%
30 Elmore James
28%
87 James Hetfield
28%
37 Mick Taylor
28%
38 The Edge
28%
22 Frank Zappa
27%
96 Bruce Springsteen
26%
29 Scotty Moore
26%
99 Thurston Moore
26%
49 Muddy Waters
25%
94 Peter Buck
25%
10 Pete Townshend
25%
57 Rory Gallagher
25%
12 Stevie Ray Vaughan
25%
80 Buddy Holly
24%
9 Duane Allman
24%
72 John Frusciante
23%
64 Duane Eddy
22%
70 Jack White
22%
84 Joe Perry
22%
35 John Lee Hooker
22%
28 Johnny Ramone
22%
36 Randy Rhoads
22%
69 Richard Thompson
22%
62 Robert Fripp
22%
97 Steve Jones
22%
85 Andy Summers
21%
52 Clarence White
21%
54 Joe Walsh
21%
88 Carl Perkins
20%
77 Willie Nelson
20%
16 Derek Trucks
19%
19 James Burton
19%
63 Johnny Winter
19%
66 Leslie West
19%
45 Link Wray
19%
41 Mick Ronson
19%
98 Alex Lifeson
18%
27 Bo Diddley
18%
21 Chet Atkins
18%
34 Curtis Mayfield
18%
43 Hubert Sumlin
18%
100 Lindsey Buckingham
18%
93 Paul Simon
18%
59 Robbie Robertson
18%
76 Robby Krieger
18%
47 Stephen Stills
18%
67 T-Bone Walker
18%
32 Billy Gibbons
17%
89 Bonnie Raitt
17%
91 Dave Davies
17%
58 Peter Green
17%
31 Ry Cooder
17%
40 Tom Morello
17%
90 Tom Verlaine
17%
92 Dimebag Darrell
16%
75 Joni Mitchell
16%
81 Lou Reed
16%
23 Buddy Guy
15%
61 Dickey Betts
15%
83 Eddie Hazel
15%
48 Jonny Greenwood
15%
60 Ron Asheton
15%
56 Albert Collins
14%
74 Dick Dale
14%
78 John Fahey
14%
82 Nels Cline
14%
39 Steve Cropper
13%
46 Jerry Garcia
12%
86 J Mascis
12%
68 John McLaughlin
12%
51 Johnny Marr
12%
53 Otis Rush
12%
95 Roger McGuinn
12%
42 Mike Bloomfield
11%
79 Mike Campbell
10%
Keine übereinstimmenden Quizze gefunden
Verteilung der Resultate
Anzahl Personen mit jedem Resultat
Perzentil nach korrekt beantworteten Fragen
Ihre Resultats-Entwicklung
Sie haben dieses Quiz noch nicht gespielt